Statistiche per Classifica Scarpa d'Oro 2018

Clicka qui per fare il quiz!

Statistiche generali

  • Questo quiz è stato fatto 16 volte
  • Il punteggio medio è 9 su 10

Statistiche sulle risposte

GolCoefficiente UEFAPuntiNazioneSquadraCalciatore% Corretto
29x258ItaliaLazioCiro Immobile
100%
26x252PortogalloReal MadridCristiano Ronaldo
100%
30x260InghilterraTottenhamHarry Kane
100%
34x268ArgentinaBarcellonaLionel Messi
100%
25x250UruguayBarcellonaLuis Suárez
100%
32x264EgittoLiverpoolMohamed Salah
100%
29x258PoloniaBayern MonacoRobert Lewandowski
100%
28x256UruguayParis Saint-GermainEdinson Cavani
93%
29x258ArgentinaInterMauro Icardi
87%
34x1,551BrasileBenficaJonas
47%

Distribuzione punteggi

Percentile per numero di risposta

Percentuale di utenti per punteggio

I tuoi punteggi nel tempo

Non hai fatto questo quiz